000 00319nam a22001337a 4500
008 250429b |||||||| |||| 00| 0 eng d
020 _a14026279
050 _aJC 421
_b.K38
100 _aKato Cecilia D.
245 _aDemocracy in Nigeria
260 _aSwoden
_bInternation Idea
_c2000
300 _a379p.
942 _cBK
999 _c3251
_d3251